Hallazgo de una lápida mortuoria en "Las Yuntas" (Capilla) / (Record no. 69669)

MARC details
000 -LEADER
campo de control de longitud fija 00676nam a2200193 i 4500
001 - NÚMERO DE CONTROL
campo de control 69669
003 - IDENTIFICADOR DE NÚMERO DE CONTROL
campo de control ES-MaACL
005 - FECHA Y HORA DE LA ÚLTIMA TRANSACCIÓN
campo de control 20250630001406.0
007 - CAMPO FIJO DE DESCRIPCIÓN FÍSICA--INFORMACIÓN GENERAL
campo de control de longitud fija t|
008 - DATOS DE LONGITUD FIJA--INFORMACIÓN GENERAL
campo de control de longitud fija 040708s1984 sp f |||| | spa d
100 1# - ENTRADA PRINCIPAL--NOMBRE DE PERSONA
Nombre de persona García Galán, Alejandro.
9 (RLIN) 54633
245 10 - MENCIÓN DEL TÍTULO
Título Hallazgo de una lápida mortuoria en "Las Yuntas" (Capilla) /
Mención de responsabilidad, etc. por Alejandro García Galán.
260 ## - PUBLICACIÓN, DISTRIBUCIÓN, ETC.
Lugar de publicación, distribución, etc. Badajoz :
Nombre del editor, distribuidor, etc. Diputación Provincial de Badajoz,
Fecha de publicación, distribución, etc. 1984.
300 ## - DESCRIPCIÓN FÍSICA
Extensión 7 p., 1 lám. ;
Dimensiones 25 cm.
650 #4 - PUNTO DE ACCESO ADICIONAL DE MATERIA--TÉRMINO DE MATERIA
Término de materia o nombre geográfico como elemento de entrada Monumentos funerarios-
Subdivisión geográfica Badajoz (Provincia)
9 (RLIN) 166638
710 1# - ENTRADA AGREGADA--NOMBRE DE ENTIDAD CORPORATIVA
Nombre de entidad corporativa o nombre de jurisdicción como elemento de entrada Badajoz (Provincia).
Unidad subordinada Diputación Provincial
9 (RLIN) 2081
852 ## - LOCALIZACIÓN
Ubicación ES-MaACL
Número de control de estantería 2135-F-30
Holdings
Estatus retirado Estado de pérdida Estado de daño No para préstamo Colección Biblioteca de origen Biblioteca actual Ubicación en estantería Fecha de adquisición Fuente de adquisición Total de préstamos Signatura topográfica completa Código de barras Visto por última vez Precio de reemplazo Tipo de ítem Koha
        Colección de folletos Biblioteca del Ateneo de Madrid Biblioteca del Ateneo de Madrid Depósito folletos 17/01/2008     2135-F-30 1072952 23/02/2023 23/02/2023 Folleto